000
00316nam a22001337a 4500
008
181001b xxu||||| |||| 00| 0 eng d
020
_a
9780536105950
041
_a
eng
080
_a
510
100
_a
30
101
_a
MAT
245
_a
Basic Algebra Geometry With Applications
_c
Cleaves.CH
942
_2
udc
_c
BK
999
_c
48711
_d
48711